[Event "Hasselbacken Open 2018"]
[Site "Stockholm"]
[Date "2018.11.02"]
[Round "3"]
[White "Ivarsson, Torbjorn"]
[Black "Seo, Jung Min"]
[Result "1-0"]
[WhiteElo "2148"]
[BlackElo "2369"]
[Annotator "NA"]
[PlyCount "83"]
[EventDate "2018.11.02"]
[EventCountry "SWE"]
[SourceTitle "playchess.com"]
[Source "ChessBase"]
[SourceQuality "1"]
[TimeControl "900+5"]

1. d4 {[%emt 0:00:00]} Nf6 {[%emt 0:00:00]} 2. Bf4 {[%emt 0:00:03]} g6 {[%emt 0:00:00]} 3. Nc3 {[%emt 0:00:02]} Bg7 {[%emt 0:00:04]} 4. e4 {[%emt 0:00:01]} d6 {[%emt 0:00:01]} 5. Qd2 {[%emt 0:00:08] LiveBook: 109 Games} a6 {[%emt 0:00:18] B07: Pirc Defence: Miscellaneous Systems} (5... O-O 6. Bh6 Bxh6 7. Qxh6 e5 8. O-O-O exd4 9. Rxd4 Nc6 10. Rd1 Be6 11. h4 Ng4 12. Qd2 Qf6 13. f3 Nge5 14. f4 {½-½ (37) Matlakov,M (2683)-Chigaev,M (2599) Sochi 2018}) 6. a4 {[%emt 0:00:08]} Nc6 {[%emt 0:00:16]} 7. Nf3 {[%emt 0:01:00]} Bg4 {[%emt 0:00:24]} 8. Be2 {[%emt 0:00:14]} Bxf3 {[%emt 0:00:19]} 9. Bxf3 {[%emt 0:00:11]} Nd7 $146 {[%emt 0:00:02]} ({Predecessor:} 9... e5 10. dxe5 dxe5 11. Be3 Qxd2+ 12. Bxd2 Nd4 13. Bd1 {½-½ (38) Jurcisin,I (2054)-Hantak,A (2191) Stare Mesto 2009}) 10. Be3 {[%emt 0:00:18]} e5 {[%emt 0:00:21]} 11. Ne2 {[%emt 0:00:38]} exd4 {[%emt 0:00:10]} 12. Nxd4 {[%emt 0:00:01]} Bxd4 {[%emt 0:00:03]} 13. Bxd4 {[%emt 0:00:04]} Nxd4 {[%emt 0:00:02]} 14. Qxd4 {[%emt 0:00:02]} O-O {[%emt 0:00:08]} 15. O-O {[%emt 0:00:10]} Ne5 {[%emt 0:00:42]} 16. Be2 {[%emt 0:00:25]} Nc6 {[%emt 0:00:12]} 17. Qc3 {[%emt 0:00:21]} Qe7 {[%emt 0:00:08]} 18. Bd3 {[%emt 0:00:04]} Qe5 {[%emt 0:00:20]} 19. Qxe5 {[%emt 0:00:03]} dxe5 {[%emt 0:00:02]} 20. Rfd1 {[%emt 0:01:17]} a5 {[%emt 0:00:25]} 21. c3 {[%emt 0:00:11]} Rad8 {[%emt 0:00:13]} 22. Kf1 {[%emt 0:00:42]} Rd6 {[%emt 0:00:16]} 23. Bb5 {[%emt 0:00:28]} Rfd8 {[%emt 0:00:01]} 24. Rxd6 {[%emt 0:00:08]} Rxd6 {[%emt 0:00:01]} 25. Bxc6 {[%emt 0:00:14]} Rxc6 {[%emt 0:00:01]} 26. Rd1 {[%emt 0:00:08] [#]} (26. Ke2 $11) 26... Rb6 {[%emt 0:00:00]} (26... Rc4 $1 $17) 27. Rd2 {[%emt 0:00:09]} Kf8 {[%emt 0:00:05]} 28. Ke2 {[%emt 0:00:01]} Ke7 {[%emt 0:00:04]} 29. Ke3 {[%emt 0:00:25]} f6 {[%emt 0:00:04]} 30. Ke2 {[%emt 0:00:05]} Rc6 {[%emt 0:00:09]} 31. Kd3 {[%emt 0:00:05]} Rd6+ {[%emt 0:00:27]} 32. Ke3 {[%emt 0:00:17]} Rxd2 33. Kxd2 {[%emt 0:00:01]} Kd6 {[%emt 0:00:02]} 34. b4 {[%emt 0:00:15]} axb4 {[%emt 0:02:42]} 35. cxb4 {[%emt 0:00:04]} c5 {[%emt 0:00:06]} 36. Kc3 {[%emt 0:00:30]} cxb4+ {[%emt 0:00:07]} 37. Kxb4 {[%emt 0:00:02]} Kc6 {[%emt 0:00:01]} 38. a5 {[%emt 0:00:21]} h5 {[%emt 0:00:25]} 39. f3 $11 {[%emt 0:00:45]} (39. h4 $1 $14) 39... f5 {[%emt 0:00:41]} 40. h4 {[%emt 0:00:23]} b6 {[%emt 0:00:07]} 41. a6 {[%emt 0:00:16]} f4 {[%emt 0:00:23]} 42. Ka4 {[%emt 0:00:28]} 1-0

[Event "Hasselbacken Open 2018"]
[Site "Stockholm"]
[Date "2018.11.02"]
[Round "3"]
[White "Wahlund, Max"]
[Black "Ingbrandt, Johan"]
[Result "0-1"]
[WhiteElo "2126"]
[BlackElo "2364"]
[Annotator "ChessBase"]
[PlyCount "100"]
[EventDate "2018.11.02"]
[EventCountry "SWE"]
[SourceTitle "playchess.com"]
[Source "ChessBase"]
[SourceQuality "1"]
[TimeControl "900+5"]

1. d4 {[%emt 0:00:00]} d5 {[%emt 0:00:00]} 2. c4 {[%emt 0:00:03]} dxc4 {[%emt 0:00:01]} 3. Nf3 {[%emt 0:00:15]} Nf6 {[%emt 0:00:03]} 4. e3 {[%emt 0:00:04]} e6 {[%emt 0:00:03]} 5. Bxc4 {[%emt 0:00:04]} c5 {[%emt 0:00:03]} 6. O-O {[%emt 0:00:51]} a6 {[%emt 0:00:02]} 7. dxc5 {[%emt 0:00:16]} Bxc5 {[%emt 0:00:05]} 8. Qxd8+ {[%emt 0:00:04]} Kxd8 {[%emt 0:00:03]} 9. Nbd2 {[%emt 0:01:08]} Ke7 {[%emt 0:00:22]} 10. Nb3 {[%emt 0:00:06]} Bb6 {[%emt 0:01:25]} 11. Bd2 {[%emt 0:00:04]} Nc6 {[%emt 0:00:24]} 12. Rfd1 {[%emt 0:00:22]} Bd7 {[%emt 0:00:51]} 13. Bc3 {[%emt 0:00:32]} Rac8 {[%emt 0:02:39]} 14. Be2 {[%emt 0:00:51]} Rhg8 {[%emt 0:00:31]} 15. Ne5 {[%emt 0:01:31]} Nxe5 {[%emt 0:01:53]} 16. Bxe5 {[%emt 0:00:04]} Ne4 {[%emt 0:01:51]} 17. Bf3 {[%emt 0:00:16]} Bc6 {[%emt 0:00:16]} 18. Rac1 {[%emt 0:00:31]} f6 {[%emt 0:00:15]} 19. Bd4 {[%emt 0:04:07]} Bxd4 {[%emt 0:00:05]} 20. Rxd4 {[%emt 0:00:37]} Bd5 {[%emt 0:02:12]} 21. Rcd1 {[%emt 0:00:40]} f5 {[%emt 0:00:01]} 22. Bxe4 {[%emt 0:00:29]} fxe4 {[%emt 0:00:25]} 23. Rb4 {[%emt 0:00:16]} Rc7 {[%emt 0:00:39]} 24. Nd4 {[%emt 0:00:07]} Rgc8 {[%emt 0:00:09]} 25. g4 {[%emt 0:00:25]} Rc1 {[%emt 0:00:06]} 26. Rxc1 {[%emt 0:00:08]} Rxc1+ {[%emt 0:00:01]} 27. Kg2 {[%emt 0:00:01]} Kd6 {[%emt 0:00:38]} 28. a3 {[%emt 0:00:13]} b5 {[%emt 0:00:19]} 29. Ne2 {[%emt 0:00:14]} Rc5 {[%emt 0:00:55]} 30. Nc3 {[%emt 0:00:27]} Bc6 {[%emt 0:00:07]} 31. Nxe4+ {[%emt 0:00:24]} Kc7 {[%emt 0:00:29]} 32. Kg3 {[%emt 0:00:08]} Rc1 {[%emt 0:00:05]} 33. Ng5 {[%emt 0:00:39]} Kd6 {[%emt 0:00:18]} 34. Nxh7 {[%emt 0:00:10]} Rg1+ {[%emt 0:00:04]} 35. Kf4 {[%emt 0:00:11]} e5+ {[%emt 0:00:02]} 36. Kg5 {[%emt 0:00:07]} Rg2 {[%emt 0:00:06]} 37. f4 {[%emt 0:00:10]} e4 {[%emt 0:00:06]} 38. h4 {[%emt 0:00:32]} Bd5 {[%emt 0:00:11]} 39. Nf8 {[%emt 0:00:07]} Bc4 {[%emt 0:00:06]} 40. Ng6 {[%emt 0:00:11]} a5 {[%emt 0:00:01]} 41. Rxc4 {[%emt 0:00:14]} bxc4 {[%emt 0:00:01]} 42. h5 {[%emt 0:00:06]} Rxb2 {[%emt 0:00:01]} 43. Ne5 {[%emt 0:00:08]} c3 {[%emt 0:00:05]} 44. Nc4+ {[%emt 0:00:19]} Ke7 {[%emt 0:00:01]} 45. Nxb2 {[%emt 0:00:01]} cxb2 {[%emt 0:00:01]} 46. h6 {[%emt 0:00:05]} gxh6+ {[%emt 0:00:01]} 47. Kxh6 {[%emt 0:00:01]} b1=Q {[%emt 0:00:01]} 48. g5 {[%emt 0:00:00]} Qh1+ {[%emt 0:00:02]} 49. Kg7 {[%emt 0:00:01]} Qh5 {[%emt 0:00:04]} 50. g6 {[%emt 0:00:02]} Ke6 {[%emt 0:00:02]} 0-1

[Event "Hasselbacken Open 2018"]
[Site "Stockholm"]
[Date "2018.11.02"]
[Round "4"]
[White "Cramling, Pia"]
[Black "Pantzar, Milton"]
[Result "1-0"]
[WhiteElo "2456"]
[BlackElo "2314"]
[Annotator "TA"]
[PlyCount "126"]
[EventDate "2018.11.02"]
[EventCountry "SWE"]
[SourceTitle "playchess.com"]
[Source "ChessBase"]
[SourceQuality "1"]

{[%evp 16,126,4,10,57,33,36,21,50,39,37,35,31,36,44,35,50,40,46,35,85,79,75,24,43,2,19,19,21,21,32,29,30,29,25,22,20,20,45,43,45,39,115,117,118,31,422,6,422,416,456,456,481,468,444,216,331,318,418,387,504,462,405,318,618,624,579,409,560,234,410,352,449,1225,802,611,601,587,700,634,1796,1797,1602,717,717,717,6670,714,1651,1473,1260,1437,1216,683,2382,1045,923,818,29963,29965,29963,29965,29963,29965,29966,29967,29964,5655,29968,29970,29979,29983,29984]} 1. Nf3 d5 2. g3 Nf6 3. Bg2 e6 4. O-O Be7 5. d4 b5 6. a4 b4 7. c4 bxc3 8. Nxc3 O-O {A46: 1 d4 Nf6 2 Nf3 e6: Torre, London and Colle Systems} 9. Ne5 {LiveBook: 6 Games} (9. Bf4 Na6 10. Ne5 Bb7 11. Qb3 Rb8 12. Nb5 Nh5 13. Nxa7 Nxf4 14. gxf4 Nb4 15. Rfc1 Bd6 16. Qc3 {1-0 (63) Vidit,S (2625)-Sengupta,D (2566) Al Ain 2014}) 9... c5 $146 ({Predecessor:} 9... a5 10. Bf4 Ba6 11. Rc1 c6 12. Re1 Nfd7 13. Nf3 Nf6 {1-0 (35) Soto Hernandez,H (2452)-Alvarez Pedraza,A (2503) Santa Maria del Mar 2017}) 10. e4 {aiming for exd5.} Bb7 {White is slightly better.} 11. exd5 {[#] Strongly threatening d6!} Nxd5 12. Qb3 Qb6 13. Qxb6 axb6 14. dxc5 Bxc5 15. Nxd5 Bxd5 16. Bxd5 exd5 17. Rd1 Na6 18. Rxd5 Nb4 19. Rd1 (19. Rd2 $16) 19... Nc2 $11 20. Rb1 {White wants to play b3.} Rxa4 21. Nd7 Re8 22. Bd2 Nd4 23. Kg2 Nb3 24. Bc3 h6 25. Nxc5 Nxc5 26. Rd6 Re2 27. Re1 Rxe1 28. Bxe1 $14 {[%mdl 4096] Endgame KRB-KRN} b5 (28... Re4 $14 29. Bc3 Re6 30. Rd8+ Kh7) 29. Rd5 $16 Rc4 30. Ba5 (30. b4 $16 Ne4 31. Rxb5) 30... b4 $2 {[%mdl 8192] [#]} ({Better is} 30... Rc2 $14) 31. Rd8+ $18 Kh7 32. Rc8 Rc1 33. Bxb4 Nd3 34. Rxc1 Nxc1 {KB-KN} 35. Bc5 (35. Kf3 $142) 35... Kg6 (35... Nb3 $142) 36. Kf3 Kf5 37. Bf8 Kf6 38. Ke3 Nb3 39. Bb4 g6 $2 (39... Ke6 40. Bf8 Kf6) 40. Kd3 Kf5 41. h3 h5 42. Bd6 (42. h4 $142 Nc1+ 43. Kd2 Nb3+ 44. Kc3) 42... g5 $2 (42... Ke6 {keeps fighting.}) 43. Be7 g4 44. h4 Ke6 45. Bb4 Kd5 46. Ke3 Ke5 47. Bc3+ Kf5 48. Kd3 Nc5+ 49. Kc4 (49. Kd4 $142 Nb3+ 50. Kc4) 49... Ne4 50. Bd4 Nd2+ 51. Kd3 (51. Kd5 $142 Nb3 52. Bc3) 51... Nb3 52. Kc3 Na5 53. b4 Nb7 54. Kc4 Ke4 {intending ...Nd6+.} 55. Bc5 (55. Bb6 $142 Nd6+ 56. Kc5) 55... f5 56. Be3 Nd6+ 57. Kc5 Nb7+ 58. Kc6 Nd8+ 59. Kd7 Nf7 60. b5 {[%cal Bb4b5,Bb5b6][%mdl 32]} Ne5+ 61. Kc7 Nd3 62. b6 f4 63. Bxf4 Kd5 {Precision: White = 71%, Black = 30%.} 1-0

[Event "Hasselbacken Open 2018"]
[Site "Stockholm"]
[Date "2018.11.02"]
[Round "4"]
[White "Sjodahl, Pontus"]
[Black "Fransson, Lennart"]
[Result "1-0"]
[WhiteElo "2410"]
[BlackElo "1997"]
[Annotator "TA"]
[PlyCount "93"]
[EventDate "2018.11.02"]
[EventCountry "SWE"]
[SourceTitle "playchess.com"]
[Source "ChessBase"]
[SourceQuality "1"]

{[%evp 16,93,80,74,102,69,137,79,122,113,115,118,135,102,133,132,130,119,116,117,96,95,116,94,145,141,145,146,232,219,218,199,233,224,233,212,266,218,235,202,204,194,189,169,197,183,300,154,154,154,377,363,345,362,351,308,230,122,247,241,203,29,210,29,31,42,82,71,469,415,1302,0,0,0,0,0,0,0,0,0]} 1. d4 Nf6 2. c4 c5 3. d5 d6 4. Nc3 g6 5. e4 Bg7 6. Nf3 O-O 7. h3 Na6 8. Be2 Bd7 9. O-O Nc7 {E91: King's Indian: Classical: 6 Be2, unusual replies including 6...c5 and 6...Bg4} 10. Re1 (10. Bf4 a6 11. a4 Rb8 12. e5 Nfe8 13. a5 b5 14. axb6 Rxb6 15. Ra2 Qb8 16. Qc1 a5 17. Re1 {1-0 (31) Engqvist,T (2362)-Gruvaeus,C (2300) Sweden 2015}) 10... Rb8 (10... e5 $14) 11. a4 ({White should try} 11. e5) 11... b6 {White is better.} 12. e5 Nfe8 13. Bf4 a6 14. Ne4 $146 ({Predecessor:} 14. Qd2) 14... Bc8 15. b3 b5 16. axb5 axb5 17. Qd2 bxc4 18. bxc4 Na6 19. Ra3 Nb4 ({Black should play} 19... Qc7) 20. exd6 $16 exd6 21. Nxc5 $1 Bf5 (21... Bxh3 $16 {was called for.} 22. gxh3 dxc5 23. Bxb8 Qxb8) 22. Nd3 $18 Nxd3 23. Bxd3 Bxd3 24. Qxd3 ({But not} 24. Rxd3 $6 Qc7 $16) 24... Qb6 25. Be3 Qc7 26. Ra7 Rb7 27. Rxb7 Qxb7 28. Nd4 Nf6 29. Rb1 $36 {[%mdl 2048] Black is under strong pressure.} Qa6 30. Nc6 Nd7 (30... Re8 {is a better defense.} 31. Kh2 Nd7) 31. g3 (31. Bf4 $18) 31... Re8 $16 32. Kg2 Qa2 $2 (32... Ne5 $16 33. Nxe5 Bxe5) 33. Rb7 $18 Ne5 34. Nxe5 Bxe5 35. Ra7 Qb2 36. Qa3 (36. c5 $18) 36... Qe2 (36... Rb8 $16 {keeps fighting.}) 37. Ra8 Rxa8 38. Qxa8+ Kg7 39. Qc6 $2 ({Only move:} 39. c5 $18 Qc4 40. cxd6 Qe4+ 41. Kh2 Bxd6 42. Qa1+ f6 43. Qa7+ Qe7 44. Qxe7+ Bxe7 45. Kg2) 39... Qd3 $11 40. c5 {[%cal Bc4c5,Bc5d6][%mdl 32]} Qe4+ {[#]} 41. Kg1 $1 Bxg3 $2 {[%mdl 8192]} (41... dxc5 $16 42. Qxc5 (42. Bxc5 h5 $14) 42... Qb1+ 43. Kh2 Qd3) 42. cxd6 $18 Bf4 (42... Be5 $142 43. d7 Qh4) 43. Qc3+ $2 (43. Bxf4 $18 {Qc3+ would kill now.} Qxf4 44. d7) 43... Be5 $11 {The position is equal.} 44. Qc5 {aiming for d7.} Qb1+ 45. Kg2 Qe4+ 46. f3 {[%cal Bf2f3,Bf3f4][%mdl 32]} Qh4 {[#] White must now prevent ...Qg3+.} 47. f4 $1 {[%mdl 33280] Precision: White = 44%, Black = 38%. . Loss on Time!?} 1-0

[Event "Hasselbacken Open 2018"]
[Site "Stockholm"]
[Date "2018.11.02"]
[Round "4"]
[White "Brynell, Stellan"]
[Black "Johansson, Gunnar"]
[Result "1-0"]
[WhiteElo "2398"]
[BlackElo "2252"]
[Annotator "TA"]
[PlyCount "73"]
[EventDate "2018.11.02"]
[EventCountry "SWE"]
[SourceTitle "playchess.com"]
[Source "ChessBase"]
[SourceQuality "1"]

{[%evp 15,73,47,59,57,63,72,64,0,0,-4,8,1,0,-6,5,0,-6,-61,4,11,48,-37,-10,-25,48,52,74,60,108,86,87,131,106,-37,85,20,19,-25,36,-149,66,4,79,14,54,0,264,-102,-87,-107,-35,-266,376,379,630,206,1233,1257,1196,1170]} 1. d4 d5 2. c4 c6 3. Nf3 Nf6 4. g3 Bf5 5. Nc3 e6 6. Nh4 {D11: Slav Defence: 3 Nf3 sidelines and 3...Nf6 4 e3 Bg4} Be4 7. f3 Bg6 8. Qb3 (8. cxd5 cxd5 9. e3 Nc6 10. Qb3 Qb6 11. Qxb6 axb6 12. Nxg6 hxg6 {½-½ (65) Dubov,D (2703)-Bocharov,I (2563) Sochi 2018}) 8... Qd7 {LiveBook: 9 Games} 9. Be3 Be7 10. Nxg6 hxg6 11. O-O-O $146 (11. Bg2 $14) ({Predecessor:} 11. Rd1 Qc7 12. Bg2 Nbd7 {½-½ (28) Sakaev,K (2594)-Burmakin,V (2520) St Petersburg 2017}) 11... dxc4 $11 12. Qxc4 b5 13. Qd3 a5 {[%cal Ba7a5,Ba5a4][%mdl 32]} 14. Kb1 a4 15. Rc1 Na6 16. Bg5 (16. Bf2 $11) 16... Nd5 (16... a3 $15 17. b3 O-O) 17. Bxe7 Kxe7 18. Ne4 (18. e3 $14) 18... Rhd8 19. Qd2 Ndb4 (19... Nf6 $11) 20. e3 $14 Qd5 {[%csl Gb4][%cal Rd5a2]} 21. Nc3 $1 {[%cal Rc3d5]} Qxf3 22. Bg2 Qh5 23. a3 {[%mdl 1024] White has strong compensation.} Nd5 24. Ne4 (24. Nxd5+ $1 $16 cxd5 25. Rc6) 24... Rac8 (24... b4 $15 {stays ahead.} 25. Qd3 (25. Rxc6 bxa3 26. bxa3 Rdb8+ 27. Kc1 Rb3 $19) 25... Qh6) 25. Rhf1 (25. h4 $1 $16) 25... Qh6 $11 26. Rf3 g5 ({Black should try} 26... f5 $11 27. Nc3 Nf6) 27. Nf2 $2 (27. g4 $14) 27... Qxh2 $2 (27... g4 $1 $17 {[%cal Rg4f3]} 28. Rf4 Nxf4 29. gxf4 Rc7) 28. Nd3 ({Better is} 28. Bh3 $14 g4 29. Bxg4) 28... Qh7 (28... g4 $11 {keeps the balance.} 29. Rff1 Qxg3) 29. Ka1 (29. Rh1 $16 Qg6 30. e4 $1 {[%mdl 512]}) 29... f6 30. e4 (30. Rff1 $14) 30... Ndc7 $2 {[%mdl 8192] [#]} (30... Qxe4 $11 {and Black has nothing to worry.} 31. Rxf6 Qxd4) 31. Rxc6 $2 (31. Ne5 $1 $18 {[%mdl 512]}) 31... Rxd4 $17 32. Qc3 {[#]} Qxe4 ({Black should play} 32... Rc4 $1 $17 {[%cal Rc4c3]} 33. Rxc4 bxc4 34. Qxc4 Qh2) 33. Nf2 $2 (33. Rf4 $1 $15 Rxd3 34. Rxe4 Rxc3 35. bxc3) 33... Qe2 $4 {[%mdl 8192]} (33... Qd5 $19 {avoids the disaster. And now ...b4 would win.} 34. Bh1 (34. Rxa6 $2 Rc4 $19) 34... Rc4 35. Rxc4 Qxc4 36. Qxc4 bxc4) 34. Qxd4 $18 Rd8 $2 {[#]} (34... Qe1+ 35. Qd1 Qxd1+ 36. Nxd1 Rd8) 35. Qe3 $2 (35. Rxc7+ $1 Ke8 (35... Nxc7 36. Qc5+) 36. Qa7 Nxc7 37. Qxc7) 35... Rd1+ $2 (35... Qxe3 36. Rxe3 Rd2) 36. Nxd1 Qxd1+ 37. Rc1 {Precision: White = 17%, Black = 26%.} 1-0

[Event "Hasselbacken Open 2018"]
[Site "Stockholm"]
[Date "2018.11.02"]
[Round "4"]
[White "Ingbrandt, Johan"]
[Black "Ivarsson, Torbjorn"]
[Result "1/2-1/2"]
[WhiteElo "2364"]
[BlackElo "2148"]
[Annotator "TA"]
[PlyCount "60"]
[EventDate "2018.11.02"]
[EventCountry "SWE"]
[SourceTitle "playchess.com"]
[Source "ChessBase"]
[SourceQuality "1"]

{[%evp 23,60,25,33,15,21,28,36,14,18,33,65,8,12,-16,59,39,32,17,27,17,18,37,31,0,0,0,0,0,0,-27,-27,-27,-27,-27,-27,-27,-27,-27,-29]} 1. Nf3 e6 2. g3 f5 3. Bg2 Nf6 4. O-O Be7 5. d4 d6 6. c4 O-O 7. b3 Ne4 8. Bb2 Bf6 9. Nbd2 Nc6 10. e3 Nxd2 {A96: Classical Dutch: Fluid Systems: Early deviations} 11. Qxd2 e5 12. dxe5 dxe5 {LiveBook: 4 Games. White has an edge.} 13. Rad1 {Black must now prevent Qd5+.} Qe8 $146 ({Predecessor:} 13... Qe7 14. Qc1 Be6 15. Nd2 e4 16. Bxf6 Rxf6 17. f3 exf3 18. Nxf3 {1-0 (64) Tregubov,P (2589)-Glek,I (2413) Moscow 2017}) 14. Ne1 {[%cal Bf3e1,Be1d3,Bd3e5][%mdl 32]} Be6 15. Nd3 {Black should prevent Bxc6.} Rd8 {[#] Strongly threatening ...e4.} 16. Qc1 Bf7 17. Bxc6 ({White should play} 17. Rd2 $14) 17... bxc6 $11 18. f4 {[%cal Rd3e5]} e4 (18... Bh5 $11 19. fxe5 Bxd1 20. Qxd1 (20. exf6 Rxd3 21. fxg7 Rf7 $17) 20... Be7) 19. Ne5 {Ba3 is the strong threat.} Qe6 20. Rxd8 Rxd8 21. Rd1 Rxd1+ 22. Qxd1 Qd6 23. Qd4 (23. Qc2 {is interesting.} c5 24. Kf2 Bh5 25. Ke1 Kf8 26. h3) 23... c5 24. Qxd6 cxd6 25. Nxf7 Kxf7 {KB-KB} 26. Bc1 Ke6 {Black has an edge.} 27. Kf2 d5 28. cxd5+ Kxd5 29. Ke2 c4 30. Ba3 Bc3 {Precision: White = 56%, Black = 42%.} 1/2-1/2

[Event "Hasselbacken Open 2018"]
[Site "Stockholm"]
[Date "2018.11.02"]
[Round "4"]
[White "Galinsky, Timofey"]
[Black "Agdestein, Simen"]
[Result "0-1"]
[WhiteElo "2359"]
[BlackElo "2574"]
[Annotator "TA"]
[PlyCount "82"]
[EventDate "2018.11.02"]
[EventCountry "SWE"]
[SourceTitle "playchess.com"]
[Source "ChessBase"]
[SourceQuality "1"]

{[%evp 14,82,18,0,27,31,52,48,56,61,58,30,48,18,46,-34,-33,-31,0,-47,-32,-24,-16,-33,-32,-47,-25,-45,-42,-49,-44,-46,-43,-50,-36,-42,-11,-65,-15,-22,28,-31,45,35,24,0,0,0,0,-85,-46,-141,-90,-140,-130,-174,-121,-577,-269,-412,-374,-438,-433,-594,-307,-6203,-5677,-29988,-29989,-29989,-2155]} 1. d4 d5 2. Nf3 Nf6 3. e3 Bg4 4. h3 Bh5 5. c4 dxc4 6. Bxc4 e6 7. Qb3 Bxf3 8. gxf3 {LiveBook: 27 Games} Qc8 {D25: Queen's Gambit Accepted: 4 e3: sidelines and 4...Bg4} (8... Nbd7 9. Qxb7 c5 10. dxc5 Bxc5 11. Nc3 Rb8 12. Qa6 O-O 13. Bb3 Ne5 14. Qe2 Rb4 15. Rg1 Rh4 16. f4 {0-1 (24) Paragua,M (2520)-Stukopin,A (2577) Philadelphia 2017 CBM 179 [Stukopin,A]}) 9. Nc3 c6 10. e4 {[%cal Be3e4,Be4e5][%mdl 32]} Be7 $146 {White is slightly better.} ({Predecessor:} 10... Nbd7 11. Rg1 Nb6 12. Be2 Qc7 13. Be3 O-O-O 14. Nb5 Qh2 15. Nxa7+ Kc7 16. O-O-O {1-0 (25) Kuijf,M (2470)-Shvidler,E (2450) Beersheba 1987}) 11. Rg1 O-O 12. e5 (12. Bh6 $5 {[%cal Rh6g7]} Ne8 13. O-O-O $16) 12... Ne8 13. Be3 Nd7 {[%cal Bb8d7,Bd7b6,Bb6d5][%mdl 32]} 14. Ne4 (14. h4 $1 $14) 14... Nb6 $15 15. Bd3 Nd5 16. Rc1 Kh8 17. f4 f6 18. Qd1 f5 19. Ng5 Bxg5 (19... g6 {seems wilder.} 20. Kf1 Ng7 21. Bc4 Qd7 22. Qb3 Kg8) 20. fxg5 Qd8 21. Bd2 g6 22. h4 Ng7 23. Be2 Qb6 24. Bc3 Rad8 25. h5 (25. Qd2 $11 Nxc3 26. bxc3) 25... Nxc3 26. bxc3 c5 27. h6 (27. hxg6 $11 hxg6 28. Qb3) 27... Ne8 (27... Nh5 $1 $15 28. Qb3 Qc6 29. Bxh5 gxh5) 28. Qb3 $14 Qc6 29. dxc5 Nc7 30. c4 Qxc5 31. Qe3 (31. Rg3 $11 {keeps the balance.}) 31... Rd4 $36 {[%mdl 2048] Black has good play.} 32. Rh1 ({White should play} 32. Rd1 $15 Qb4+ 33. Kf1 Rxd1+ 34. Bxd1) 32... f4 (32... Na6 $142 {And now ...f4 would win.} 33. Kf1 Rfd8) 33. Qf3 b6 34. Rh3 {[#] intending Qa3.} Qxe5 (34... Rfd8 $1 $19 35. Qa3 Qxe5) 35. Qc6 $2 {[%mdl 8192]} (35. Qc3 $17 {is tougher.}) 35... Na6 (35... Re4 $142 36. Qd7 Rxe2+ 37. Kf1 Ne8) 36. Kf1 (36. Qb7 {was forced.} Nc5 37. Qxa7) 36... Nc5 $19 37. Re1 Re4 38. Ra3 Qxg5 39. Rxa7 $2 (39. Bf3 Rxe1+ 40. Kxe1 Qg1+ 41. Ke2) 39... Qxh6 {[%cal Rh6h1] [#]} 40. Bf3 Qh3+ 41. Bg2 Qd3+ {Precision: White = 16%, Black = 33%.} (41... Rxe1+ $142 42. Kxe1 Qc3+ 43. Kd1 Nd3 44. Rxh7+ Kxh7 45. Qd7+ Kh6 46. Qxd3 Qxd3+ 47. Kc1 Qxc4+ 48. Kb2 Rd8 49. Bh3 Rd2+ 50. Kb1 Qxa2+ 51. Kc1 Qc2#) 0-1

[Event "Hasselbacken Open 2018"]
[Site "Stockholm"]
[Date "2018.11.02"]
[Round "4"]
[White "Bellon Lopez, Juan Manuel"]
[Black "Lyrberg, Patrik"]
[Result "1-0"]
[WhiteElo "2337"]
[BlackElo "2440"]
[Annotator "TA"]
[PlyCount "104"]
[EventDate "2018.11.02"]
[EventCountry "SWE"]
[SourceTitle "playchess.com"]
[Source "ChessBase"]
[SourceQuality "1"]

{[%evp 24,104,46,27,54,34,68,61,80,46,46,46,46,43,54,55,54,58,58,-187,-122,-141,-120,-158,-166,-154,-142,-154,-133,-165,-115,-147,-18,-487,-475,-474,-470,-674,54,47,456,472,464,465,455,463,480,464,1127,1176,1091,760,4133,1265,2243,1213,1135,1141,922,708,708,697,702,695,634,598,785,602,746,730,968,950,897,874,6111,5609,29989,29990,29990,29991,29991,29992,29992]} 1. d4 Nf6 2. Bg5 g6 3. Bxf6 exf6 4. e3 Bg7 5. Ne2 f5 6. g3 d6 7. Bg2 Nd7 8. c4 Nf6 9. Nbc3 O-O 10. O-O Re8 11. Qd3 {A45: Damenbauernspiele (Trompowski-Angriff)} c6 12. b4 {[%cal Bb2b4,Bb4b5][%mdl 32]} Qe7 13. b5 {LiveBook: 12 Partien. Weiß steht etwas besser.} Bd7 (13... Ne4 14. a4 a6 15. bxc6 bxc6 16. Rab1 a5 17. Rb6 Ra6 18. Rb8 Qc7 19. Rfb1 Nf6 {1-0 (83) Kryakvin,D (2567)-Ponkratov,P (2605) Serpukhov 2018}) 14. a4 Ne4 15. a5 d5 $146 ({Vorgänger:} 15... Rab8 16. Rab1 Qd8 17. Ra1 a6 18. Rfb1 axb5 19. cxb5 cxb5 20. Nxb5 Bc6 21. Na7 {½-½ (21) Saada,J (2289)-Bailet,P (2352) Nimes 2009}) 16. c5 a6 {[%cal Ra6b5]} 17. bxc6 Bxc6 18. Rab1 Rad8 19. Rb6 g5 20. Re1 h5 21. f3 $2 {[#]} (21. Reb1 $14 {bleibt weiter vorne.}) 21... Nxc3 (21... Nxc5 $1 $19 {[%mdl 512]} 22. dxc5 d4 23. exd4 Bxd4+ 24. Nxd4 Qxe1+ 25. Bf1 Re3 26. Qxf5 Rxd4 27. Qxg5+ Kf8 28. Qh6+ Ke7 29. Qg5+ Ke6) 22. Nxc3 $17 {[#] Die Idee ist f4.} f4 $1 {[%mdl 512]} 23. Kf2 (23. exf4 Qxe1+) 23... Qf6 {Droht stark ...fxe3+.} 24. Rb4 h4 25. Bh3 hxg3+ 26. hxg3 Qh6 27. Kg2 fxe3 (27... fxg3 $17 28. Rb2 Bf6) 28. Rxe3 $2 {[%mdl 8192]} (28. Bf5 $11 {und Weiss steht sicher.}) 28... g4 $19 29. Rxe8+ Rxe8 30. Bxg4 (30. fxg4 $142 Re3 31. Qf5 Rxc3 32. g5) 30... Re3 $2 ({Günstiger ist} 30... Re1 $19 {( -> ...Dh1+)} 31. Bh3 Bd7 $1 {[%mdl 512]}) 31. Qd2 $14 Qg5 $2 {[%mdl 8192]} ({Besser ist} 31... Re8 $14 32. Qxh6 Bxh6) 32. Nd1 $18 Re5 33. Qxg5 Rxg5 34. Bc8 Rg6 35. Ne3 Re6 (35... Kf8 $142 36. Nf5 Bf6 37. Bxb7 Bd7) 36. Bxe6 fxe6 {[%mdl 4096] Endspiel KTS-KL} 37. f4 Bb5 {[#]} 38. Ng4 (38. Rxb5 $142 $1 axb5 {[#]} 39. a6 $1 {[%mdl 512]} bxa6 40. c6 Bxd4 41. Nxd5 $1 {[%mdl 512]}) 38... Kf8 39. Ne5 Ke8 40. g4 Bf6 41. Kg3 {Txb5! ist eine echte Drohung.} Bd8 42. f5 exf5 43. gxf5 Bxa5 44. Rb1 Bc3 45. Rd1 Ke7 46. Kf4 Kf6 47. Ng4+ Kf7 48. Ke5 a5 49. Rh1 Kg7 50. f6+ {Weiß setzt Matt.} Kg6 51. Rh6+ Kf7 52. Rh7+ Kg8 {Precision: Weiß = 59%, Schwarz = 28%.} 1-0